[Event "Dutch Open 2016"]
[Site "Dieren NED"]
[Date "2016.07.27"]
[Round "2.2"]
[White "Reinderman, Dimitri"]
[Black "Beukema, Stefan"]
[Result "1-0"]
[WhiteTitle "GM"]
[BlackTitle "IM"]
[WhiteElo "2584"]
[BlackElo "2355"]
[WhiteFideId "1001302"]
[BlackFideId "1024523"]
[EventDate "2016.07.26"]

1. Nf3 f5 2. g3 Nf6 3. Bg2 g6 4. O-O Bg7 5. d4 O-O 6. c4 d6 7. Nc3 c6 8. b3 Qc7
9. Ba3 Rd8 10. Qc2 Na6 11. e4 b5 12. e5 dxe5 13. Nxe5 Bb7 14. Bb2 Nd7 15. Nf3 e5
16. Ng5 Nf8 17. b4 exd4 18. cxb5 dxc3 19. Qb3+ Rd5 20. bxa6 cxb2 21. axb7 Qxb7
22. Rad1 Rd8 23. Rfe1 h6 24. Bxd5+ cxd5 25. Nf3 Qb6 1-0

[Event "Dutch Open 2016"]
[Site "Dieren NED"]
[Date "2016.08.02"]
[Round "7.2"]
[White "L'Ami, Erwin"]
[Black "Debashis, Das"]
[Result "1-0"]
[WhiteTitle "GM"]
[BlackTitle "GM"]
[WhiteElo "2606"]
[BlackElo "2451"]
[WhiteFideId "1007998"]
[BlackFideId "5024854"]
[EventDate "2016.07.26"]

1. d4 d5 2. c4 dxc4 3. e3 Nf6 4. Bxc4 e6 5. Nf3 c5 6. O-O Nc6 7. Qe2 cxd4 8. Rd1
Be7 9. exd4 O-O 10. Nc3 Na5 11. Bd3 b6 12. Bg5 Bb7 13. d5 exd5 14. Nd4 Re8 15.
Nf5 Bc5 16. Qf3 d4 17. Ne4 Rc8 18. Re1 Re6 19. Nxf6+ Qxf6 20. Qg3 Rxe1+ 21. Rxe1
Qc6 22. Be7 1-0

[Event "Dutch Open 2016"]
[Site "Dieren NED"]
[Date "2016.08.02"]
[Round "7.6"]
[White "De Jong, Migchiel"]
[Black "Reinderman, Dimitri"]
[Result "1/2-1/2"]
[WhiteTitle "IM"]
[BlackTitle "GM"]
[WhiteElo "2342"]
[BlackElo "2584"]
[WhiteFideId "1002848"]
[BlackFideId "1001302"]
[EventDate "2016.07.26"]

1. Nf3 f5 2. d3 d6 3. e4 e5 4. Nc3 Nf6 5. Bg5 Be7 6. exf5 Bxf5 7. d4 Nbd7 8.
dxe5 Nxe5 9. Nxe5 dxe5 10. Qf3 Bxc2 11. Qxb7 O-O 12. Bc4+ Kh8 13. O-O Rb8 14.
Qxa7 Rxb2 15. Rac1 Qd4 16. Qxd4 exd4 17. Nd1 Bxd1 18. Rcxd1 Bc5 19. Bc1 Rb1 20.
Bf4 Rxd1 21. Rxd1 Ne4 22. g3 Nxf2 23. Kxf2 g5 24. Kf3 gxf4 25. gxf4 Re8 26. Rd3
Re1 27. Kg4 Rh1 28. Rh3 Kg7 29. Kf5 Bd6 30. Ke4 1/2-1/2

[Event "Dutch Open 2016"]
[Site "Dieren NED"]
[Date "2016.08.04"]
[Round "9.1"]
[White "Sandipan, Chanda"]
[Black "Ikonnikov, Vyacheslav"]
[Result "1-0"]
[WhiteTitle "GM"]
[BlackTitle "GM"]
[WhiteElo "2568"]
[BlackElo "2538"]
[WhiteFideId "5004225"]
[BlackFideId "4100972"]
[EventDate "2016.07.26"]

1. Nf3 Nf6 2. g3 g6 3. Bg2 Bg7 4. O-O O-O 5. d4 d5 6. c3 Nbd7 7. a4 a5 8. Na3
Nb6 9. Ne5 c6 10. Qb3 Ng4 11. Nd3 e5 12. Nxe5 Nxe5 13. dxe5 Bxe5 14. Be3 Nd7 15.
Rfd1 Qe7 16. c4 d4 17. Bxd4 Bxd4 18. Rxd4 Qxe2 19. Qc3 Nc5 20. Re1 Qh5 21. Rh4
Qg5 22. Re5 Nxa4 23. Rxg5 Nxc3 24. bxc3 f5 25. g4 Rd8 26. Bh3 Rd1+ 27. Kg2 Ra1
28. Nc2 Rc1 29. Nd4 f4 30. Re5 Rxc3 31. Re8+ Kf7 32. Rh8 h5 33. gxh5 g5 34. Bxc8
Kg7 35. Re8 gxh4 36. Nf5+ Kf6 37. h6 h3+ 38. Kf1 f3 39. Ke1 Rxc4 40. h7 Re4+ 41.
Rxe4 Rxc8 42. Nd6 Rh8 43. Nxb7 Rxh7 44. Nxa5 Ra7 45. Nxc6 Ra1+ 46. Kd2 Rh1 47.
Nd4 Rxh2 48. Ke3 Rh1 49. Nxf3 Kg6 50. Rg4+ Kf6 51. Kf4 Rf1 52. Kg3 1-0

[Event "Dutch Open 2016"]
[Site "Dieren NED"]
[Date "2016.08.04"]
[Round "9.2"]
[White "Khenkin, Igor"]
[Black "Horvath, Csaba"]
[Result "1-0"]
[WhiteTitle "GM"]
[BlackTitle "GM"]
[WhiteElo "2553"]
[BlackElo "2520"]
[WhiteFideId "4659600"]
[BlackFideId "700118"]
[EventDate "2016.07.26"]

1. d4 Nf6 2. c4 e6 3. Nf3 d5 4. Nc3 dxc4 5. e4 Bb4 6. Bg5 c5 7. Bxc4 cxd4 8.
Nxd4 Bxc3+ 9. bxc3 Qa5 10. Bb5+ Bd7 11. Bxf6 gxf6 12. Bxd7+ Nxd7 13. O-O a6 14.
Rb1 Qc7 15. Qh5 Nc5 16. Rb4 Qe5 17. Qh6 Qg5 18. Qh3 Rg8 19. g3 b5 20. Qxh7 Nd3
21. Nf3 Qg4 22. h3 Qg7 23. Qxg7 Rxg7 24. Rd4 Nf4 25. Kh2 Ne2 26. Rd3 Rc8 27. a3
a5 28. c4 Rxc4 29. Rfd1 Rc7 30. R1d2 Nc3 31. Nd4 Nxe4 32. Nc6 1-0